Don't be too quick to make a settlement (Record no. 68432)

MARC details
000 -LEADER
fixed length control field 01400cam a2200241 4500
001 - CONTROL NUMBER
control field ABS64577
008 - FIXED-LENGTH DATA ELEMENTS--GENERAL INFORMATION
fixed length control field 011002n2001 000 0 eng u
035 ## - SYSTEM CONTROL NUMBER
System control number (Sirsi) u114942
100 ## - MAIN ENTRY--PERSONAL NAME
Personal name Christian, L.
245 ## - TITLE STATEMENT
Title Don't be too quick to make a settlement
260 ## - PUBLICATION, DISTRIBUTION, ETC.
Date of publication, distribution, etc. 2001
490 ## - SERIES STATEMENT
Series statement Construction News
Volume/sequential designation (6735) 27 September 2001, 12(1)
520 ## - SUMMARY, ETC.
Summary, etc. Looks at unfair dismissal, discrimination, and personal injury claims. Notes that an unfair dismissal or discimination case must be brought within three months, while claims for personal injury need not be brought until three years from the date the claimant becomes aware he has suffered an injury. Discusses the case of "Felix v DSS". This illustrates that when an employee has both an employment case and a personal injury case against an employer he should exercise extreme caution before settling the employment claim, as this could prevent any future personal injury claim. Also discusses "Griffin v Kingsmill and Others". The lesson of this case is that potentially high value cases, including stress at work cases, should not be settled at an early stage without full investigation.
590 ## - LOCAL NOTE (RLIN)
Local note ABS
650 ## - SUBJECT ADDED ENTRY--TOPICAL TERM
Topical term or geographic name entry element PERSONAL INJURY
650 ## - SUBJECT ADDED ENTRY--TOPICAL TERM
Topical term or geographic name entry element UNFAIR DISMISSAL
650 ## - SUBJECT ADDED ENTRY--TOPICAL TERM
Topical term or geographic name entry element DISCRIMINATION
650 ## - SUBJECT ADDED ENTRY--TOPICAL TERM
Topical term or geographic name entry element FELIX V DSS
650 ## - SUBJECT ADDED ENTRY--TOPICAL TERM
Topical term or geographic name entry element GRIFFIN V KINGSMILL
650 ## - SUBJECT ADDED ENTRY--TOPICAL TERM
Topical term or geographic name entry element BUILT ENVIRONMENT
690 ## - LOCAL SUBJECT ADDED ENTRY--TOPICAL TERM (OCLC, RLIN)
Topical term or geographic name as entry element LAW
942 ## - ADDED ENTRY ELEMENTS (KOHA)
Suppress in OPAC 0
Holdings
Withdrawn status Lost status Source of classification or shelving scheme Damaged status Not for loan Home library Current library Shelving location Date acquired Total Checkouts Full call number Barcode Date last seen Copy number Price effective from Koha item type
    Dewey Decimal Classification     London London Journal article 02/10/2001   ABS64577 114942-1001 06/08/2019 1 06/08/2019 Journal article